000 00328nam a2200157Ia 4500
100 _aNarayan/R.K
650 _aFiction
942 _cBK
366 _f17.5
245 _aWriters Nightmare:Selected essays
260 _bPenguin Books
_c1988
082 _a808.83/NAR
_bNAR
300 _a240
546 _aENGLISH
999 _c22507
_d22507